000 00567nam a22002057a 4500
003 UA-OsUOA
001 12512
007 ta
008 20050513b un ||||| |||| 00| 0 ukr d
100 _aМанорик М.
942 _cSA
040 _aUA-OsUOA
_bukr
_cUA-OsUOA
_dUA-OsUOA
245 _aДмитро Павличко - перекладач лірики Юліуша Словацького
_cМ. Манорик; М. Манурик
300 _aС.77 - 81
955 _a0
041 _aukr
044 _aUA
773 0 _w0
650 7 _aПавличко Д.
_2UDC
999 _c298673
_d298673